El albergue de las mujeres tristes
সংরক্ষণ করুন:
| প্রধান লেখক: | |
|---|---|
| বিন্যাস: | গ্রন্থ |
| ভাষা: | স্প্যানিশ |
| প্রকাশিত: |
Buenos Aires
Suma de Letras
2002
|
| বিষয়গুলি: | |
| ট্যাগগুলো: |
ট্যাগ যুক্ত করুন
কোনো ট্যাগ নেই, প্রথমজন হিসাবে ট্যাগ করুন!
|
MARC
| LEADER | 00000nam a2200000 a 4500 | ||
|---|---|---|---|
| 001 | UCL3331 | ||
| 003 | CL-VaPUC | ||
| 008 | 031121e20020000AG |||||||||||||||||spa|d | ||
| 020 | |a 9871106009 | ||
| 082 | 0 | 4 | |a Ch863 |b SER |2 21 |
| 100 | 0 | |a Serrano, Marcela |e author |9 480635 | |
| 245 | 1 | 3 | |a El albergue de las mujeres tristes |
| 300 | |a 402 p | ||
| 942 | |c BK | ||
| 945 | |d 20031121 00:00:00 |a cmena | ||
| 260 | |a Buenos Aires |b Suma de Letras |c 2002 | ||
| 650 | 0 | |a Novelas chilenas |9 265425 | |
| 650 | 0 | |a Literatura chilena |9 308278 | |
| 583 | |a last modification |c 20031121 00:00:00 |k Rodrigo Vera | ||
| 999 | |c 306419 |d 306417 | ||